000 00900nam a2200229Ia 4500
001 11452
003 GE_BSU
008 181216s||||||||xx |||||||||||||| ||und||
040 _cGE_BSU
100 _aჯაფარიძე,ვლ.
245 _aფიზიკის კურსი
245 _bნაწ.1.სახემძღვ.საშუალო სპეც.სასწავლებლებისათვის.
245 _cრედ:მ.ბაზაძე.
250 _aმე-3 გადამუშ.გამოც.
260 _aთბილისი
260 _bგანათლება
260 _c1984
300 _a392გვ;22სმ.
300 _bილ.
653 _aფიზიკის კურსი.ნაწ.1. სახემძღვ.საშუალო სპეც.სასწავლებლებისათვის.
942 _cBK
999 _c44649
_d44649